000 01445nam a2200289 i 4500
001 163233
003 ES-MaACL
005 20260204130124.0
008 040915m19031912sp |||| | spa d
080 _a946.028.1
245 0 0 _aRelaciones topográficas de España
_b: relaciones de pueblos que pertenecen hoy a la provincia de Guadalajara /
_ccon notas y aumentos de Juan Catalina García.
260 _aMadrid :
_bReal Academia de la Historia,
_c1903-1912 (
_fEst. tip. de la viuda e hijos de M. Tello)
300 _a5 v. ;
_c24 cm.
490 1 _aMemorial histórico español ;
_v41-43, 45, 47
500 _aSon los tomos 1-4 y 6.
530 _aDisponible en formato digital.
594 _aLos tomos 4 y 6 publicados y aumentados por Manuel Pérez Villamil.
630 0 4 _aRelaciones topográficas mandadas hacer por Felipe II.
_9156699
651 4 _aGuadalajara (Provincia)-
_vRelaciones geográficas.
_9156698
700 1 _aGarcía, Juan Catalina,
_d1845-1911
_954060
700 1 _aPérez-Villamil, Manuel,
_d1849-1917
_991209
830 0 0 _aMemorial histórico español
_v41-43, 45, 47
_9187759
852 _aES-MaACL
_jC-19346-50
_cGalería
_x Encuadernación holandesa, los dos primeros tomos y Rústicos los otros dos
856 4 _uhttps://patrimoniodigital.castillalamancha.es/bidicam/es/consulta/registro.do?id=11374
_z(6 v.)
_yBiblioteca Digital de Castilla-La Mancha
942 _2udc
999 _c163233
_d163233